| 000 | 01020nam a2200301 a 4500 | ||
|---|---|---|---|
| 001 | |||
| 003 | DO-SdBNP | ||
| 005 | 20220504105612.0 | ||
| 008 | 091016s2004 pr 001 0 spa d | ||
| 020 | _a978998800 | ||
| 020 | _a9789972998805 | ||
| 040 |
_aBPMSU _bspa _cBPMSU |
||
| 082 |
_a128.33 _bS464p 2004 _222 |
||
| 245 | 1 | 3 |
_aLo más selecto del pensamiento universal : _bimpactantes historias que, con sabiduría e inspiración, te conmoverán y motivaran de principio a fin / _cOsho... [y otros] selección realizada por Alberto Briceño Polo |
| 246 | 1 | 5 | _5Palabras que guían... |
| 260 |
_a Lima, Perú : _b Los libros más Pequeños del Mundo, _c2004 |
||
| 300 |
_a180 p. ; _c21 cm. |
||
| 490 | 0 |
_3Libro tarjeta, _v5 |
|
| 500 | _3Edición anual | ||
| 590 | _6Inventariado, 2022/VM | ||
| 650 | 4 |
_aFilosofía _xEnseñanza. |
|
| 650 | 4 |
_aPensamiento _xFilosofia. |
|
| 650 | 4 | _aRazonamiento. | |
| 700 | 1 | _aOsho | |
| 700 | 1 |
_aBriceño Polo, Alberto _ecompilador |
|
| 910 | _aVMateo V. | ||
| 942 |
_2ddc _cBK |
||
| 999 |
_c14181 _d14181 |
||